| 000 | 00560cam a2200181ua 4500 | ||
|---|---|---|---|
| 001 | 20339 | ||
| 008 | 140829n II |||gr||||Z||||||asm | ||
| 040 | _aMAIN | ||
| 041 | _aEnglish | ||
| 082 | _a413 SAR | ||
| 100 |
_aHAMILTON, FRANCIES BUCHANAN, _eCOMPILER. |
||
| 245 | _aUTTARPURBANCHALAR DOHTA BHASAR TULANAMULAK SABDAKOSH (Comparative Vocabularies of 10 - Languages of North East India) | ||
| 260 |
_aJORHAT: _bEKALABYA PRAKASHAN, _c2014. |
||
| 300 |
_a318: _c26CM. |
||
| 653 | _aDictionaries | ||
| 700 |
_aSARMAH, DR. DEBOBRATA, _eEDITOR. |
||
| 942 | _cBK | ||
| 999 |
_c20201 _d20201 |
||